Statistics for General Knowledge Quiz #158

Click here to take the quiz!

General Stats

  • This quiz has been taken 24,919 times
  • The average score is 10 of 20

Answer Stats

Question Answer % Correct
What is the biggest species of marsupial?Red Kangaroo
75%
What type of animal was Harambe?Gorilla
72%
What singer was "Born in the U.S.A." and also "Born to Run"?Bruce Springsteen
68%
What movie featured the "Imperial March", composed by John Williams?The Empire Strikes Back
65%
What does the French word "gâteau" mean in English?Cake
64%
What was the subject of the Al Gore documentary "An Inconvenient Truth"?Global Warming
63%
What two countries have an X in their name?Mexico
59%
What is a sommelier's area of expertise?Wine
58%
According to Bible verse Matthew 5:5, who shall inherit the Earth?The {Meek}
51%
What movie featured the song "Born to Hand Jive" and "Beauty School Dropout"?Grease
50%
What word, originating in Britain, is an abbreviation of "association football"?Soccer
47%
What part of the body is swollen if one suffers from encephalitis?The Brain
46%
What are the two major cities in the Canadian province of Alberta?Calgary
39%
What two countries have an X in their name?Luxembourg
37%
What is the largest animal that was originally domesticated in South America?Llama
36%
What are the two major cities in the Canadian province of Alberta?Edmonton
35%
What is the name of this typographical character: ¶Pilcrow
33%
What kingdom was ruled by Kamehameha the Great?Hawaii
30%
What royal dynasty did Louis XIVth come from?Bourbon
20%
What saint's bones did Venetians steal from Alexandria and bring
to their most famous church?
St. Mark's
20%

Score Distribution

Percentile by Number Answered

Percent of People with Each Score

Your Score History

You have not taken this quiz